[Event "ICS rated blitz match"]
[Site "204.178.125.65"]
[Date "2001.01.17"]
[Round "?"]
[White "Hossa"]
[Black "grbavica"]
[Result "1-0"]
[WhiteElo "2517"]
[BlackElo "2145"]
[PlyCount "39"]
[EventDate "2001.??.??"]

1. e4 Nf6 2. e5 Nd5 3. d4 d6 4. Nf3 Bg4 5. Be2 e6 6. O-O Be7 7. c4 Nb6 8. Be3
O-O 9. Nc3 dxe5 10. Nxe5 Bxe2 11. Qxe2 N6d7 12. Rfd1 Nxe5 13. dxe5 Qc8 14. Qg4
Rd8 15. Bh6 g6 16. Rxd8+ Qxd8 17. Rd1 Qe8 18. Nb5 Na6 19. Qf3 c6 20. Nd6 {
grbavica resigns} 1-0

[Event "ICS rated blitz match"]
[Site "204.178.125.65"]
[Date "2001.01.17"]
[Round "?"]
[White "flytox"]
[Black "Hossa"]
[Result "0-1"]
[WhiteElo "2048"]
[BlackElo "2530"]
[PlyCount "50"]
[EventDate "2001.??.??"]

1. e4 e6 2. d4 d5 3. e5 Nc6 4. c3 f6 5. Nf3 fxe5 6. dxe5 Bc5 7. Bd3 Nge7 8. O-O
O-O 9. Qe2 a5 10. Nbd2 Bb6 11. Nb3 a4 12. Nbd4 Nxd4 13. cxd4 Nf5 14. Be3 Nxe3
15. fxe3 a3 16. b3 Qe7 17. Rac1 Bd7 18. Bb1 Rf7 19. Qc2 g6 20. h4 Bb5 21. Rf2
c6 22. Ng5 Rxf2 23. Qxf2 Rf8 24. Qg3 Ba5 25. Rf1 Rxf1+ {flytox resigns} 0-1

[Event "ICS rated blitz match"]
[Site "204.178.125.65"]
[Date "2001.01.17"]
[Round "?"]
[White "grbavica"]
[Black "Hossa"]
[Result "0-1"]
[WhiteElo "2138"]
[BlackElo "2535"]
[PlyCount "22"]
[EventDate "2001.??.??"]

1. d4 f5 2. Nf3 e6 3. g3 Nf6 4. Bg2 d6 5. O-O Be7 6. c4 O-O 7. Nc3 Na6 8. b3 c5
9. Bb2 Ne4 10. Qb1 cxd4 11. Nxd4 Nd2 {grbavica resigns} 0-1

[Event "ICS rated blitz match"]
[Site "204.178.125.65"]
[Date "2001.01.17"]
[Round "?"]
[White "astrogr"]
[Black "Hossa"]
[Result "0-1"]
[WhiteElo "2077"]
[BlackElo "2538"]
[PlyCount "54"]
[EventDate "2001.??.??"]

1. d4 f5 2. Nf3 e6 3. Bf4 d5 4. Nbd2 Nf6 5. e3 Nc6 6. c4 Bb4 7. a3 Bd6 8. cxd5
Nxd5 9. Bxd6 cxd6 10. Bc4 Nc7 11. O-O O-O 12. Rc1 Bd7 13. Qe2 Rc8 14. Rfd1 Na5
15. Ba2 Qf6 16. b4 Bb5 17. Nc4 Nxc4 18. Bxc4 Ba4 19. Rd3 d5 20. Bb3 Bb5 21. Ne5
f4 22. Qc2 Bxd3 23. Qxd3 fxe3 24. Qxe3 Qf4 25. Qxf4 Rxf4 26. Ba4 Rxd4 27. Nf3
Rc4 {astrogr resigns} 0-1

[Event "ICS rated blitz match"]
[Site "204.178.125.65"]
[Date "2001.01.17"]
[Round "?"]
[White "Hossa"]
[Black "astrogr"]
[Result "1-0"]
[WhiteElo "2540"]
[BlackElo "2075"]
[PlyCount "41"]
[EventDate "2001.??.??"]

1. d4 Nf6 2. Nf3 g6 3. c4 c5 4. dxc5 Na6 5. Be3 Bg7 6. Bd4 O-O 7. Nc3 Nb4 8. e3
Nc6 9. Bd3 Re8 10. Ne4 e5 11. Bc3 Nxe4 12. Bxe4 f5 13. Bd5+ Kh8 14. O-O Qe7 15.
b4 e4 16. Nd4 Ne5 17. Nb5 Rf8 18. Qc2 Qh4 19. Nd6 g5 20. Qb2 Nf3+ 21. gxf3 {
astrogr resigns} 1-0

[Event "ICS rated blitz match"]
[Site "204.178.125.65"]
[Date "2001.01.17"]
[Round "?"]
[White "Randolf-Raatass"]
[Black "Hossa"]
[Result "0-1"]
[WhiteElo "2193"]
[BlackElo "2542"]
[PlyCount "86"]
[EventDate "2001.??.??"]

1. e4 c5 2. Nf3 Nc6 3. g3 e6 4. d3 d5 5. Nbd2 Nf6 6. Bg2 dxe4 7. dxe4 Be7 8.
O-O O-O 9. c3 Qd3 10. Re1 Rd8 11. Qe2 Qxe2 12. Rxe2 b6 13. Re1 Ba6 14. Nf1 Bd3
15. e5 Nd5 16. Ne3 Rac8 17. Nxd5 Rxd5 18. Bf4 Rd7 19. h4 Rcd8 20. Ng5 Na5 21.
Ne4 h6 22. b3 Nb7 23. c4 Rd4 24. Nf6+ gxf6 25. Bxb7 Kh7 26. Rad1 Bf5 27. Rxd4
cxd4 28. Be4 Bxe4 29. Rxe4 d3 30. Bd2 fxe5 31. Rxe5 Bf6 32. Re3 Bd4 33. Rf3 Rd7
34. Kf1 Be5 35. Re3 Bf6 36. f4 h5 37. Rf3 Kg6 38. Kf2 Kf5 39. Ke3 Rd8 40. Rf1
Kg4 41. Ke4 Kxg3 42. f5 Kg2 43. Rf4 e5 {Randolf-Raatass resigns} 0-1

[Event "ICS rated blitz match"]
[Site "204.178.125.65"]
[Date "2001.01.17"]
[Round "?"]
[White "grbavica"]
[Black "Hossa"]
[Result "0-1"]
[WhiteElo "2122"]
[BlackElo "2549"]
[PlyCount "40"]
[EventDate "2001.??.??"]

1. d4 f5 2. Nf3 e6 3. g3 Nf6 4. Bg2 d6 5. O-O Be7 6. c4 O-O 7. Nc3 Na6 8. b3 c5
9. Bb2 Ne4 10. Nd2 Nxc3 11. Bxc3 cxd4 12. Bxd4 Kh8 13. Nf3 f4 14. Qd2 e5 15.
Bb2 Nc5 16. Rad1 Bg4 17. Qc1 fxg3 18. hxg3 Qe8 19. Qd2 Qh5 20. Nh2 Bxe2 {
grbavica resigns} 0-1

[Event "ICS rated blitz match"]
[Site "204.178.125.65"]
[Date "2001.01.17"]
[Round "?"]
[White "Hossa"]
[Black "grbavica"]
[Result "1-0"]
[WhiteElo "2555"]
[BlackElo "2109"]
[PlyCount "46"]
[EventDate "2001.??.??"]

1. d4 Nf6 2. c4 e6 3. Nc3 Bb4 4. e3 O-O 5. Bd3 d5 6. Nge2 c5 7. O-O cxd4 8.
exd4 Nc6 9. cxd5 Nxd5 10. Nxd5 exd5 11. Nf4 Nxd4 12. Bxh7+ Kxh7 13. Qxd4 Qb6
14. Qxb6 axb6 15. Nxd5 Bc5 16. Nc7 Ra4 17. Be3 Be6 18. Nxe6 fxe6 19. Rfe1 Rd8
20. g3 Bxe3 21. Rxe3 Rd2 22. b3 Raxa2 23. Rxa2 Rxa2 {grbavica resigns} 1-0

[Event "ICS rated blitz match"]
[Site "204.178.125.65"]
[Date "2001.01.17"]
[Round "?"]
[White "grbavica"]
[Black "Hossa"]
[Result "0-1"]
[WhiteElo "2107"]
[BlackElo "2557"]
[PlyCount "32"]
[EventDate "2001.??.??"]

1. d4 f5 2. Nf3 e6 3. g3 Nf6 4. Bg2 d6 5. O-O Be7 6. c4 O-O 7. Nc3 Na6 8. b3 c5
9. Bb2 Ne4 10. e3 Bf6 11. a3 Bd7 12. Nd2 Nxd2 13. Qxd2 Qb6 14. Qc2 cxd4 15. Na4
Bxa4 16. bxa4 d3 {grbavica resigns} 0-1

[Event "ICS rated blitz match"]
[Site "204.178.125.65"]
[Date "2001.01.17"]
[Round "?"]
[White "Hossa"]
[Black "grbavica"]
[Result "1-0"]
[WhiteElo "2559"]
[BlackElo "2105"]
[PlyCount "39"]
[EventDate "2001.??.??"]

1. e4 e6 2. d4 d5 3. Nd2 dxe4 4. Nxe4 Nd7 5. Bb5 c6 6. Bd3 Ngf6 7. Nxf6+ Nxf6
8. Nf3 Bd6 9. O-O Bd7 10. Ne5 Qe7 11. Bg5 h6 12. Bxf6 gxf6 13. Nxd7 Qxd7 14.
Qh5 O-O-O 15. c3 Rdg8 16. g3 Rg5 17. Qd1 h5 18. Qa4 Kb8 19. h4 Rg6 20. Bxg6 {
grbavica resigns} 1-0

[Event "ICS rated blitz match"]
[Site "204.178.125.65"]
[Date "2001.01.17"]
[Round "?"]
[White "Hossa"]
[Black "PostModernist"]
[Result "1-0"]
[WhiteElo "2567"]
[BlackElo "2545"]
[PlyCount "201"]
[EventDate "2001.??.??"]

1. e4 c5 2. Nc3 Nc6 3. g3 g6 4. Bg2 Bg7 5. d3 d6 6. Be3 Rb8 7. Nf3 Nd4 8. O-O
Bg4 9. a3 Nxf3+ 10. Bxf3 Bxf3 11. Qxf3 Bxc3 12. bxc3 Qa5 13. Bd2 Nf6 14. Rfb1
O-O 15. a4 Rfe8 16. Qf4 Qc7 17. f3 Qd7 18. Qh6 b6 19. c4 Nh5 20. Rb5 Ng7 21.
Bc3 f6 22. a5 bxa5 23. Rbxa5 Rb7 24. Rf1 Reb8 25. Ra2 Rb1 26. Bd2 Rxf1+ 27.
Kxf1 Ne6 28. Qh3 Rb1+ 29. Kf2 h5 30. c3 Kf7 31. f4 Kf8 32. g4 hxg4 33. Qxg4 Kg7
34. d4 Rb7 35. f5 Nf8 36. Qh4 g5 37. Qg4 cxd4 38. cxd4 Qc7 39. Rc2 Qb6 40. Bc3
Qb1 41. Qe2 a6 42. Kg2 e6 43. c5 exf5 44. exf5 dxc5 45. dxc5 Rc7 46. Qd2 Nh7
47. Bb4 Kh6 48. Ba5 Rd7 49. Qf2 Rd5 50. Bd2 Kg7 51. Be1 Qd1 52. h3 Qd3 53. Rc3
Qe4+ 54. Kg1 Rxf5 55. Qd2 Re5 56. Rc1 Qf3 57. Rc3 Qe2 58. Qxe2 Rxe2 59. Bg3 f5
60. c6 Re8 61. c7 f4 62. c8=Q Rxc8 63. Rxc8 fxg3 64. Rc3 Kg6 65. Kg2 Nf6 66.
Rc6 Kf5 67. Rxa6 Ne4 68. Kf3 Nd2+ 69. Kxg3 Ne4+ 70. Kf3 Nd2+ 71. Ke3 Nc4+ 72.
Kd4 Nd2 73. Ra2 Ne4 74. Rg2 Nf6 75. Rf2+ Ke6 76. Ra2 g4 77. h4 Kf5 78. Ra1 g3
79. Rf1+ Ke6 80. Ke3 Nh5 81. Kf3 Kf5 82. Rb1 Kg6 83. Rb5 Ng7 84. Kxg3 Nh5+ 85.
Kg4 Nf6+ 86. Kf3 Kh6 87. Kf4 Kg6 88. Rg5+ Kh6 89. Ke5 Nd7+ 90. Kf5 Nc5 91. h5
Ne4 92. Rg6+ Kxh5 93. Rg7 Nd6+ 94. Kf4 Nc4 95. Rb7 Kg6 96. Rb4 Na3 97. Ke4 Nc2
98. Rb2 Na1 99. Kd3 Kf6 100. Rb1 Nc2 101. Kxc2 {PostModernist resigns} 1-0

[Event "ICS rated blitz match"]
[Site "204.178.125.65"]
[Date "2001.01.17"]
[Round "?"]
[White "PostModernist"]
[Black "Hossa"]
[Result "1-0"]
[WhiteElo "2530"]
[BlackElo "2582"]
[PlyCount "111"]
[EventDate "2001.??.??"]

1. d4 f5 2. g3 g6 3. Nf3 Nf6 4. Bg2 d6 5. O-O Bg7 6. c4 O-O 7. d5 c6 8. Nc3 e5
9. dxe6 Bxe6 10. b3 Ne4 11. Nxe4 fxe4 12. Nd4 Bg4 13. Rb1 Bxd4 14. Qxd4 Qf6 15.
Qe3 d5 16. Bb2 Qe7 17. f3 Bf5 18. g4 Be6 19. Qd4 exf3 20. Bxf3 Nd7 21. Bxd5 Nf6
22. Ba3 Qd7 23. Bxf8 Rxf8 24. Rxf6 Rxf6 25. Qxf6 cxd5 26. Rd1 Qe8 27. e4 Bd7
28. Qd4 Bxg4 29. Qxd5+ Qe6 30. Qxe6+ Bxe6 31. Rd8+ Kg7 32. c5 Kf6 33. Rb8 a6
34. Rxb7 Ke5 35. Re7 h6 36. Re8 Kf6 37. c6 h5 38. c7 Bd7 39. e5+ Kf7 40. Ra8
Ke6 41. Rxa6+ Kxe5 42. Rxg6 Kd5 43. Rg8 h4 44. c8=Q Bxc8 45. Rxc8 h3 46. a4 Ke6
47. a5 Kd7 48. Rc1 Kd6 49. a6 Kd5 50. a7 Kd4 51. a8=Q Ke5 52. Qe8+ Kf6 53. Rc6+
Kf5 54. Qe3 Kg4 55. Rc5 Kh4 56. Qd4# {Hossa checkmated} 1-0

[Event "ICS Rated standard match"]
[Site "204.178.125.65"]
[Date "2001.01.17"]
[Round "?"]
[White "BrazilianMaster"]
[Black "Hossa"]
[Result "1-0"]
[WhiteElo "2620"]
[BlackElo "2305"]
[PlyCount "93"]
[EventDate "2001.??.??"]

1. e4 c5 2. c3 Nf6 3. e5 Nd5 4. Nf3 Nc6 5. Bc4 Nb6 6. Bb3 d6 7. exd6 c4 8. Bc2
e5 9. d3 cxd3 10. Bxd3 Bg4 11. h3 Bh5 12. O-O Bxd6 13. a4 O-O 14. a5 Nc8 15. a6
bxa6 16. Be4 N8e7 17. Rxa6 Qc7 18. Bxh7+ Kh8 19. Bd3 f5 20. Be2 Rad8 21. Ng5 e4
22. Bd2 Qb7 23. Rxc6 Qxc6 24. Bxh5 Bf4 25. h4 Bxd2 26. Nxd2 Qh6 27. g3 e3 28.
fxe3 Qd6 29. Rf2 Qxg3+ 30. Rg2 Qxe3+ 31. Kh1 Kg8 32. Be2 Kh8 33. Bc4 g6 34. Ne6
Rfe8 35. h5 Rd6 36. hxg6 Rxe6 37. Qh5+ Kg7 38. Qh7+ Kf6 39. Qf7+ Ke5 40. Qxe6+
Kf4 41. Qd6+ Qe5 42. Rf2+ Kg4 43. Qxe5 Rh8+ 44. Qxh8 Nc6 45. Rg2+ Kf4 46. Qh2+
Ke3 47. Qg3# {Hossa checkmated} 1-0

[Event "ICS rated standard match"]
[Site "204.178.125.65"]
[Date "2001.01.17"]
[Round "?"]
[White "Hossa"]
[Black "BrazilianMaster"]
[Result "0-1"]
[WhiteElo "2301"]
[BlackElo "2624"]
[PlyCount "92"]
[EventDate "2001.??.??"]

1. d4 e6 2. e4 d5 3. e5 c5 4. Nf3 cxd4 5. Nxd4 Nc6 6. Nxc6 bxc6 7. Bd3 Ne7 8.
O-O Ng6 9. Qh5 Qc7 10. Re1 Bb4 11. c3 Bc5 12. b4 Be7 13. Bg5 a5 14. Bxe7 Qxe7
15. bxa5 Nf4 16. Qf3 Nxd3 17. Qxd3 Rxa5 18. Nd2 Ra3 19. Re3 Ba6 20. Qc2 O-O 21.
Nb1 Ra5 22. Rh3 h6 23. Nd2 Ra8 24. Re3 Bb5 25. Nb3 R5a6 26. Nc1 Bc4 27. Qd2 Qc7
28. h4 Ra3 29. h5 c5 30. Kh1 Qd8 31. Rh3 d4 32. Qf4 Bd5 33. Rg3 Rxc3 34. Rxc3
dxc3 35. Qg3 c2 36. Qf4 Rb8 37. a4 Bc6 38. Kh2 Rb4 39. Qe3 Re4 40. Qd3 Qg5 41.
f4 Rxf4 42. Qd8+ Qxd8 43. Nd3 Qxd3 44. Re1 Rg4 45. a5 Rxg2+ 46. Kh1 Qh3# {
Hossa checkmated} 0-1

[Event "ICS rated standard match"]
[Site "204.178.125.65"]
[Date "2001.01.17"]
[Round "?"]
[White "BrazilianMaster"]
[Black "Hossa"]
[Result "1-0"]
[WhiteElo "2628"]
[BlackElo "2297"]
[PlyCount "109"]
[EventDate "2001.??.??"]

1. c4 e5 2. Nc3 d6 3. g3 Nc6 4. Bg2 Nf6 5. d3 Be7 6. Nf3 O-O 7. O-O Bd7 8. Re1
Qc8 9. e4 a6 10. Nd5 Bd8 11. Bg5 Nxd5 12. cxd5 Nd4 13. Be3 Nxf3+ 14. Bxf3 Bh3
15. Re2 f5 16. Rc2 Qd7 17. Rc3 Qf7 18. Rac1 fxe4 19. Bxe4 Bf5 20. Qc2 Qg6 21.
Rf1 Qh5 22. f3 Bh3 23. Rf2 Rb8 24. d4 exd4 25. Bxd4 Rc8 26. g4 Qh4 27. Bf5 Ra8
28. Re2 a5 29. Bf2 Qh6 30. f4 Bxg4 31. Bxg4 Qxf4 32. Be6+ Kh8 33. Rh3 Qg5+ 34.
Kf1 h6 35. Ke1 Qf6 36. Be3 Qf1+ 37. Kd2 Rf6 38. Bg4 a4 39. Bd4 Qf4+ 40. Kc3 Be7
41. Bd7 Bf8 42. Rf2 Qg5 43. Rxf6 gxf6 44. Rg3 c5 45. dxc6 Qa5+ 46. Kd3 Qa6+ 47.
Ke3 Qf1 48. Qc3 Kh7 49. cxb7 Rb8 50. Bxf6 Re8+ 51. Bxe8 Qe1+ 52. Qxe1 Bg7 53.
Rxg7+ Kh8 54. Rf7+ Kg8 55. Qg3# {Hossa checkmated} 1-0

[Event "ICS rated blitz match"]
[Site "204.178.125.65"]
[Date "2001.01.17"]
[Round "?"]
[White "Valg"]
[Black "Hossa"]
[Result "1-0"]
[WhiteElo "2724"]
[BlackElo "2564"]
[PlyCount "197"]
[EventDate "2001.??.??"]

1. d4 e6 2. c4 Nf6 3. Nc3 Bb4 4. e3 O-O 5. Bd3 d5 6. Nf3 dxc4 7. Bxc4 b6 8. O-O
Bb7 9. Qe2 Ne4 10. Nxe4 Bxe4 11. Bd2 Bd6 12. Ne5 Bxe5 13. dxe5 Nc6 14. Rfd1 Qh4
15. Be1 Qe7 16. f3 Bg6 17. Bb5 Nxe5 18. f4 c6 19. Ba4 b5 20. Bb3 Nd7 21. Bb4
Qxb4 22. Rxd7 c5 23. Rad1 c4 24. R1d4 Qa5 25. Bd1 Bd3 26. Qf2 Qxa2 27. Qd2 Qa1
28. R4d6 Be4 29. Rd4 Qb1 30. R4d6 a6 31. Kf2 a5 32. Rd4 Ra6 33. Rd8 Bd3 34. Be2
Qc2 35. Qxc2 Bxc2 36. Rd2 Be4 37. R2d4 Bd5 38. Rd7 a4 39. e4 Ba8 40. h4 a3 41.
bxa3 Rxa3 42. Rc7 h6 43. g3 Kh7 44. h5 Ra1 45. Ke3 g6 46. Rd6 Ra3+ 47. Kf2 Bxe4
48. Rxe6 Bc2 49. hxg6+ Bxg6 50. Re5 Bd3 51. Rxb5 Bxe2 52. Kxe2 Rxg3 53. Rxc4
Kg6 54. Kf2 Ra3 55. Rc6+ f6 56. Rc1 Rh8 57. Rg1+ Kf7 58. f5 Rc8 59. Rg2 Ke7 60.
Kg1 Rc1+ 61. Kh2 Kd6 62. Rb6+ Ke5 63. Rf2 Rcc3 64. Re6+ Kd5 65. Rd2+ Kc5 66.
Rxf6 h5 67. Rh6 Rh3+ 68. Kg1 Rag3+ 69. Rg2 Rf3 70. f6 Rf5 71. Rf2 Rg5+ 72. Kf1
Rh1+ 73. Ke2 Re5+ 74. Kf3 Rf5+ 75. Ke2 Re5+ 76. Kf3 Rf5+ 77. Ke3 Re1+ 78. Kd2
Rxf2+ 79. Kxe1 Rf4 80. Rg6 Rf5 81. Kd1 Kd4 82. Ke2 Kc4 83. Rh6 Kc3 84. Ke3 Rf1
85. Ke4 Kc4 86. Ke5 Re1+ 87. Kd6 Rd1+ 88. Ke7 Re1+ 89. Kf8 Rh1 90. f7 Kc3 91.
Kg7 h4 92. f8=Q Rg1+ 93. Rg6 Rb1 94. Rc6+ Kd4 95. Qf4+ Kd5 96. Qc4+ Ke5 97.
Re6+ Kf5 98. Qe4+ Kg5 99. Re5# {Hossa checkmated} 1-0

[Event "ICS rated blitz match"]
[Site "204.178.125.65"]
[Date "2001.01.17"]
[Round "?"]
[White "Hossa"]
[Black "Valg"]
[Result "0-1"]
[WhiteElo "2555"]
[BlackElo "2733"]
[PlyCount "132"]
[EventDate "2001.??.??"]

1. e4 c5 2. c3 d5 3. exd5 Qxd5 4. d4 Nf6 5. Nf3 Bg4 6. Be2 e6 7. O-O Nc6 8. Be3
cxd4 9. Nxd4 Bxe2 10. Qxe2 Nxd4 11. Bxd4 Be7 12. Rd1 Qc6 13. Bxf6 Bxf6 14. Na3
O-O 15. Nb5 a6 16. Nd4 Qc7 17. Nf3 Rad8 18. Nd2 Be7 19. Qe4 Rd7 20. Nc4 Rfd8
21. Rxd7 Qxd7 22. Re1 Bf6 23. Ne3 Qb5 24. Rb1 Rd7 25. Ng4 Rd2 26. Nxf6+ gxf6
27. Qg4+ Kf8 28. Qb4+ Qxb4 29. cxb4 Ke7 30. g3 e5 31. Kg2 f5 32. Kf3 h5 33. a3
Ke6 34. Kg2 f6 35. b3 e4 36. Kf1 f4 37. Re1 Ke5 38. gxf4+ Kxf4 39. Re3 b5 40.
Rh3 Ra2 41. Rxh5 Rxa3 42. Rh3 Ke5 43. Rc3 Kd4 44. Rg3 f5 45. Kg2 f4 46. Rh3 f3+
47. Kg3 Rxb3 48. Rh6 Rxb4 49. Rxa6 Ra4 50. Rb6 b4 51. Rb5 Kc3 52. Rc5+ Kd2 53.
Rd5+ Ke1 54. Rb5 e3 55. Re5 e2 56. Kxf3 Ra2 57. Kg4 b3 58. f4 b2 59. Re3 b1=Q
60. Kg5 Ra5+ 61. Kg4 Qg6+ 62. Kf3 Kf1 63. f5 Qxf5+ 64. Kg3 Ra3 65. Kh4 Ra4+ 66.
Kg3 Qg4# {Hossa checkmated} 0-1

[Event "ICS rated blitz match"]
[Site "204.178.125.65"]
[Date "2001.01.17"]
[Round "?"]
[White "cmslim"]
[Black "Hossa"]
[Result "1-0"]
[WhiteElo "2862"]
[BlackElo "2547"]
[PlyCount "115"]
[EventDate "2001.??.??"]

1. c4 e5 2. Nc3 Nc6 3. Nf3 d6 4. d4 Nxd4 5. Nxd4 exd4 6. Qxd4 Ne7 7. Qe4 c6 8.
Bf4 Be6 9. e3 Ng6 10. Bg3 Be7 11. Be2 O-O 12. O-O Qb6 13. Qc2 Ne5 14. b3 Qc7
15. Rad1 Rac8 16. f4 Ng4 17. Qd3 g6 18. e4 Qb6+ 19. Kh1 Rcd8 20. f5 Nf6 21.
fxe6 fxe6 22. Bf4 Rf7 23. Qh3 e5 24. Bg5 Qc7 25. c5 d5 26. Qe6 Qc8 27. Bg4 Qxe6
28. Bxe6 Kg7 29. exd5 h6 30. Bh4 g5 31. Bg3 Rff8 32. d6 Rde8 33. dxe7 Rxe7 34.
Rd6 Nd7 35. Rxf8 Nxf8 36. Bxe5+ Kh7 37. Bf5+ Kg8 38. Bd4 Re1+ 39. Bg1 Kg7 40.
Bc8 Re7 41. Bd4+ Kf7 42. Rf6+ Ke8 43. Rxh6 a5 44. Kg1 Re1+ 45. Kf2 Re7 46. Bf6
Rc7 47. Bf5 Rf7 48. Ne4 Rxf6 49. Rxf6 Ke7 50. a4 g4 51. Bxg4 Nd7 52. Bxd7 b5
53. Bf5 bxa4 54. bxa4 Ke8 55. Nd6+ Kd8 56. Rf8+ Ke7 57. Rf7+ Kd8 58. Rd7# {
Hossa checkmated} 1-0

[Event "ICS rated blitz match"]
[Site "204.178.125.65"]
[Date "2001.01.17"]
[Round "?"]
[White "Hossa"]
[Black "Valg"]
[Result "1-0"]
[WhiteElo "2543"]
[BlackElo "2760"]
[PlyCount "177"]
[EventDate "2001.??.??"]

1. c4 e5 2. Nc3 Nf6 3. Nf3 Nc6 4. e3 Bb4 5. Qc2 O-O 6. Nd5 Re8 7. Qf5 d6 8.
Nxf6+ gxf6 9. Qh5 d5 10. a3 Bf8 11. d4 Be6 12. Bd3 e4 13. Bc2 Ne7 14. Nd2 f5
15. cxd5 Qxd5 16. f3 Qc6 17. Bd1 Bd5 18. fxe4 fxe4 19. O-O Qh6 20. Qe2 Ng6 21.
Qf2 Bd6 22. g3 c5 23. Bb3 Qg5 24. Bxd5 Qxd5 25. dxc5 Bxc5 26. b4 Bd6 27. Bb2
Be5 28. Bxe5 Nxe5 29. Rad1 Nd3 30. Qf6 Rad8 31. Rf5 Re5 32. Rdf1 Rf8 33. h3 h6
34. g4 Qe6 35. Rxe5 Qxe5 36. Qxe5 Nxe5 37. Rc1 b6 38. Nxe4 f5 39. gxf5 Rxf5 40.
Rc8+ Kh7 41. Kg2 a6 42. Nd6 Rf6 43. Rd8 Kg6 44. Ne4 Re6 45. Rd6 Kf7 46. Rxe6
Kxe6 47. Nd2 Kd5 48. Kg3 b5 49. Kf4 Ng6+ 50. Kf5 Ne7+ 51. Kf6 Nc6 52. h4 Ne5
53. e4+ Kd4 54. Kf5 Nc4 55. Nb3+ Kc3 56. Nc5 Kd4 57. Nxa6 Nd6+ 58. Kg6 Kxe4 59.
h5 Ne8 60. Nc5+ Ke5 61. Kxh6 Kf6 62. Ne4+ Kf5 63. Nc3 Nd6 64. Kg7 Kg5 65. Nxb5
Nf5+ 66. Kh7 Ng3 67. h6 Nf5 68. a4 Nxh6 69. a5 Ng4 70. a6 Nf6+ 71. Kg7 Nh5+ 72.
Kf7 Nf6 73. a7 Ng4 74. a8=Q Ne5+ 75. Ke6 Nc4 76. Qd5+ Kf4 77. Qxc4+ Kg3 78.
Qf4+ Kxf4 79. Nd6 Ke3 80. Nf5+ Ke4 81. b5 Kd3 82. b6 Kc4 83. b7 Kd3 84. b8=Q
Kd2 85. Ke5 Ke2 86. Ke4 Kd2 87. Qb2+ Kd1 88. Kf3 Ke1 89. Qc1# {Valg checkmated}
1-0

[Event "ICS rated blitz match"]
[Site "204.178.125.65"]
[Date "2001.01.17"]
[Round "?"]
[White "Hossa"]
[Black "cmslim"]
[Result "0-1"]
[WhiteElo "2568"]
[BlackElo "2866"]
[PlyCount "144"]
[EventDate "2001.??.??"]

1. e4 c5 2. c3 Nf6 3. e5 Nd5 4. Nf3 Nc6 5. Bc4 Nb6 6. Bb3 c4 7. Bc2 d6 8. exd6
Qxd6 9. O-O g6 10. Na3 Bg4 11. Nb5 Qd7 12. d4 a6 13. Na3 Qd5 14. Qe2 Bxf3 15.
gxf3 Bg7 16. Be4 Qe6 17. Rd1 Rd8 18. d5 Rxd5 19. Rxd5 Nxd5 20. Qxc4 Nc7 21. Bf4
Qxc4 22. Nxc4 Ne6 23. Be3 O-O 24. f4 Bh6 25. Rd1 Bxf4 26. Rd7 Bxe3 27. fxe3 Rc8
28. Rxb7 Nc5 29. Nb6 Rd8 30. Rc7 Nxe4 31. Rxc6 Rd1+ 32. Kg2 Rd2+ 33. Kf3 f5 34.
Kf4 Rxb2 35. Nd5 Rxa2 36. Nxe7+ Kg7 37. h3 Nd2 38. Rd6 a5 39. Rd4 a4 40. Rd7
Kf6 41. Nd5+ Ke6 42. Rd8 Ne4 43. Nc7+ Ke7 44. Rh8 Kd6 45. Nb5+ Kd5 46. Nc7+ Kc4
47. Rxh7 a3 48. Ne6 Rf2+ 49. Ke5 a2 50. Ra7 Nxc3 51. Kf6 Rh2 52. Kxg6 Rxh3 53.
Nd4 f4 54. Nc2 fxe3 55. Rc7+ Kd3 56. Nb4+ Kd2 57. Rd7+ Kc1 58. Nd3+ Kb1 59.
Rb7+ Kc2 60. Nb4+ Kb3 61. Nc6+ Kc4 62. Na5+ Kd5 63. Kf5 Rh5+ 64. Kg6 a1=Q 65.
Kxh5 e2 66. Rd7+ Ke6 67. Rg7 Ne4 68. Re7+ Kf5 69. Rf7+ Nf6+ 70. Kh6 Qg1 71.
Rxf6+ Kxf6 72. Nb3 Qh1# {Hossa checkmated} 0-1

[Event "ICS rated standard match"]
[Site "204.178.125.65"]
[Date "2001.01.17"]
[Round "?"]
[White "Hossa"]
[Black "QuarkX"]
[Result "1/2-1/2"]
[WhiteElo "2293"]
[BlackElo "2304"]
[PlyCount "129"]
[EventDate "2001.??.??"]

1. d4 d5 2. c4 dxc4 3. Nf3 Nf6 4. e3 g6 5. Bxc4 Bg7 6. O-O O-O 7. Nc3 Nfd7 8.
e4 Nb6 9. Be2 Bg4 10. Be3 Bxf3 11. Bxf3 e5 12. d5 N8d7 13. Qb3 Kh8 14. Rfc1 f5
15. Nb5 fxe4 16. Bxe4 Nf6 17. Bg5 h6 18. Bxf6 Qxf6 19. Qe3 Nxd5 20. Bxd5 c6 21.
Bxc6 bxc6 22. Nxa7 e4 23. Rc2 Rfb8 24. Rb1 c5 25. Qxc5 Rb7 26. Nc8 Rxa2 27. b3
Bf8 28. Qc4 Rxc2 29. Qxc2 Qe5 30. Rc1 e3 31. fxe3 Qxe3+ 32. Kh1 Rxb3 33. Rf1
Rc3 34. Qb2 Ba3 35. Qa1 Qd4 36. Na7 Qc4 37. Rg1 Bc5 38. Nb5 Bxg1 39. Kxg1 Qc5+
40. Kh1 Qxb5 41. Qxc3+ Kg8 42. h3 Qf5 43. Qe3 h5 44. Kh2 Kf7 45. Qa7+ Ke6 46.
Qb6+ Kd5 47. Qb5+ Ke4 48. Qb1+ Ke5 49. Qb8+ Kd4 50. Qb4+ Ke3 51. Qc3+ Ke4 52.
Kg1 Qb5 53. Qf3+ Ke5 54. Qe3+ Kf5 55. Qf3+ Ke6 56. Qe4+ Kf6 57. Qf4+ Qf5 58.
Qd6+ Kf7 59. Qc7+ Ke6 60. Qb6+ Ke5 61. Qc5+ Ke4 62. Qc4+ Ke5 63. Qc5+ Ke4 64.
Qc4+ Ke5 65. Qc5+ {Game drawn by repetition} 1/2-1/2

[Event "ICS rated blitz match"]
[Site "204.178.125.65"]
[Date "2001.01.17"]
[Round "?"]
[White "cmslim"]
[Black "Hossa"]
[Result "1-0"]
[WhiteElo "2871"]
[BlackElo "2585"]
[PlyCount "53"]
[EventDate "2001.??.??"]

1. d4 d5 2. Nf3 Nf6 3. c4 e6 4. Nc3 c6 5. Bg5 Nbd7 6. e3 Be7 7. Qc2 h6 8. Bh4
Bb4 9. Bd3 g5 10. Bg3 Nh5 11. Be5 Nxe5 12. Nxe5 Nf6 13. Bg6 O-O 14. h4 gxh4 15.
Rxh4 Ne4 16. Rxh6 fxg6 17. Rxg6+ Kh8 18. O-O-O Qh4 19. Nxe4 dxe4 20. Qxe4 Qh7
21. g4 Be7 22. g5 Rxf2 23. Rh1 Rf1+ 24. Rxf1 Qg7 25. Rxg7 Kxg7 26. Rf7+ Kg8 27.
Qh7# {Hossa checkmated} 1-0

[Event "ICS rated blitz match"]
[Site "204.178.125.65"]
[Date "2001.01.17"]
[Round "?"]
[White "Hossa"]
[Black "Valg"]
[Result "0-1"]
[WhiteElo "2580"]
[BlackElo "2712"]
[PlyCount "74"]
[EventDate "2001.??.??"]

1. e4 c5 2. Nc3 Nc6 3. g3 g6 4. Bg2 Bg7 5. d3 d6 6. Be3 e6 7. Nf3 Nge7 8. Qc1
Nd4 9. O-O Bd7 10. Bf4 Qc7 11. Bg5 f6 12. Be3 e5 13. Nd2 b5 14. a3 O-O 15. f4
exf4 16. gxf4 f5 17. e5 Rae8 18. exd6 Qxd6 19. Re1 Nec6 20. Bd5+ Be6 21. Bxe6+
Rxe6 22. a4 b4 23. Nd1 g5 24. Kf1 Qe7 25. Nb3 gxf4 26. Nxc5 Qxc5 27. Bxd4 Rxe1+
28. Kxe1 Nxd4 29. Kf1 Nxc2 30. Rb1 Re8 31. Qxf4 Re1+ 32. Kg2 Qg1+ 33. Kh3 Be5
34. Qc4+ Kg7 35. Kh4 Qxh2+ 36. Kg5 Qh6+ 37. Kxf5 Qg6# {Hossa checkmated} 0-1

[Event "ICS rated standard match"]
[Site "204.178.125.65"]
[Date "2001.01.17"]
[Round "?"]
[White "CajaFuerte"]
[Black "Hossa"]
[Result "0-1"]
[WhiteElo "2266"]
[BlackElo "2294"]
[PlyCount "218"]
[EventDate "2001.??.??"]

1. c4 e5 2. Nc3 Nc6 3. g3 f5 4. Bg2 Nf6 5. d3 Bc5 6. Nf3 d6 7. O-O a6 8. e3 Ba7
9. d4 e4 10. Nd2 O-O 11. Rb1 Bd7 12. b4 Qe7 13. a4 a5 14. b5 Nb4 15. Ba3 Nd3
16. Nb3 Qf7 17. Nd2 Be6 18. Qb3 Qh5 19. b6 Bxb6 20. Bxd6 Rfc8 21. Ncxe4 fxe4
22. Nxe4 Nxe4 23. Bxe4 cxd6 24. Bxd3 Bc7 25. Qb5 Qxb5 26. Rxb5 Bd7 27. Rxb7 Bc6
28. Rb5 Bxb5 29. cxb5 Bb6 30. Be4 Ra7 31. Bc6 Kf7 32. Kg2 Ke6 33. Kf3 Re7 34.
Ke2 Rec7 35. d5+ Kf6 36. e4 Bc5 37. h4 h5 38. f4 Re7 39. Kf3 g6 40. Re1 Bd4 41.
Rc1 Kg7 42. Rc2 Kf7 43. Re2 Kf6 44. Rc2 Bb6 45. Re2 Rf8 46. Rc2 Rc7 47. Re2 Bd4
48. Rc2 Rb8 49. Re2 Rd8 50. Rc2 Re7 51. Re2 Bb6 52. Rc2 Rh8 53. Re2 Rb8 54. Rc2
Kg7 55. Re2 Rf8 56. Rc2 Kh8 57. Re2 Kg8 58. Rc2 Rc8 59. Re2 Bc7 60. Rc2 Kh7 61.
Re2 Kh6 62. Rc2 Bb6 63. Re2 Bd4 64. Rc2 Kh7 65. Re2 Kh8 66. Rc2 Kg8 67. Re2 Kf8
68. Rc2 Rec7 69. Re2 Rf7 70. Rc2 Kg7 71. Rc4 Bb6 72. Rc2 Kg8 73. Re2 Bd4 74.
Rc2 Rfc7 75. Re2 Rf8 76. Rc2 Kh7 77. Re2 Kh6 78. Rc2 Rfc8 79. Re2 Rf7 80. Rc2
Kh7 81. Re2 Kg7 82. Rc2 Rfc7 83. Re2 Rf8 84. Rc2 Rcc8 85. Rc4 Bb6 86. Rc2 Kh7
87. Re2 Bd4 88. Rd2 Bf6 89. Rc2 Rf7 90. Re2 g5 91. hxg5 Bxg5 92. Rh2 Kh6 93.
Rh1 Rg8 94. Rh3 Bf6 95. Rh1 Rfg7 96. Rh3 Bd4 97. e5 dxe5 98. Ke4 Rxg3 99. Rxg3
Rxg3 100. fxe5 Rg4+ 101. Kf5 Rg5+ 102. Ke4 Bxe5 103. b6 h4 104. Bd7 Bd6 105.
Be6 Rg2 106. Kd4 Rb2 107. Kc4 Rxb6 108. Bh3 Rb4+ 109. Kc3 Rxa4 {
CajaFuerte resigns} 0-1